| 000 | 01302nam a2200313 a 4500 | ||
|---|---|---|---|
| 001 | ebr10439384 | ||
| 003 | CaPaEBR | ||
| 006 | m u | ||
| 007 | cr cn||||||||| | ||
| 008 | 110114s2010 enka s 001 0 eng d | ||
| 020 | _z9781849690744 | ||
| 020 | _z9781849690751 (e-book) | ||
| 040 |
_aCaPaEBR _cCaPaEBR |
||
| 035 | _a(OCoLC)702115980 | ||
| 050 | 1 | 4 |
_aQA76.625 _b.W55 2010eb |
| 100 | 0 | _aPrince Far I. | |
| 245 | 1 | 0 |
_aFacebook Graph API development with Flash _h[electronic resource] : _bbeginner's guide : build social Flash applications fully integrated with the Facebook Graph API / _cMichael James Williams. |
| 260 |
_aBirmingham, U.K. : _bPackt Pub., _c2010. |
||
| 300 |
_avi, 305 p. : _bill. (some col.) |
||
| 500 | _aIncludes index. | ||
| 533 |
_aElectronic reproduction. _bPalo Alto, Calif. : _cebrary, _d2011. _nAvailable via World Wide Web. _nAccess may be limited to ebrary affiliated libraries. |
||
| 630 | 0 | 0 | _aFlash (Computer file) |
| 630 | 0 | 0 | _aFacebook (Electronic resource) |
| 650 | 0 | _aInternet programming. | |
| 650 | 0 |
_aApplication software _xDevelopment. |
|
| 655 | 7 |
_aElectronic books. _2local |
|
| 710 | 2 | _aebrary, Inc. | |
| 856 | 4 | 0 |
_uhttp://site.ebrary.com/lib/rucke/Doc?id=10439384 _zAn electronic book accessible through the World Wide Web; click to view |
| 999 |
_c133795 _d133795 |
||